[Event "Winterthur"]
[Site "Winterthur"]
[Date "1996.??.??"]
[Round "3"]
[White "Hjartarson, Johann"]
[Black "Vogt, Lothar"]
[Result "1-0"]
[WhiteElo "2565"]
[BlackElo "2505"]
[Annotator "Hjartarson,J"]
[PlyCount "87"]
[EventDate "1996.09.??"]
[EventType "tourn"]
[EventRounds "11"]
[EventCountry "SUI"]
[EventCategory "9"]
[SourceTitle "CBM 055"]
[Source "ChessBase"]
[SourceDate "1996.12.01"]
[SourceVersion "1"]
[SourceVersionDate "1996.12.01"]
[SourceQuality "1"]

1. e4 c5 2. Nf3 e6 3. d4 cxd4 4. Nxd4 Nc6 5. Nc3 d6 6. Be3 Nf6 7. f3 Be7 8. Qd2
a6 9. g4 O-O 10. O-O-O Nxd4 11. Bxd4 b5 12. Kb1 Bb7 13. h4 Nd7 14. g5 {The
position after 14...Rc8 arose in 2 games between Topalov and Kasparov in 1995.
In the first one White went under very quickly after 15.Rg1? b4! 16.Ne2 Ne5 17.
Rg3 Nc4 with decisive attack, but in the second one he improved with 15.a3!
Ne5 16.Qe3 Nc4 17.Bc4 Rc4 18.Rhg1 and White has a good game, although he
misplayed it later and lost. The text-move is quite playable as well.} Ne5 $146
15. Qf2 Qc7 16. Rg1 Rac8 (16... b4 $6 17. Na4 {is good for White.}) 17. a3 Nc4
18. Bxc4 Qxc4 19. Bf6 {[#]} Bd8 $1 {This move, which I had overlooked
maintains equalibrium. Worse was} (19... Qc7 20. Qh2 Rfd8 21. Rd3 $1 {with
strong pressure along the d-file.}) 20. Bxd8 Rfxd8 21. Rd3 (21. Rd4 Qc5 22.
Rgd1 e5 23. R4d2 Qxf2 24. Rxf2 Kf8 {and White s advantage is minimal.}) 21...
Qc5 {[#]After the game both players were under the impression that Black had
solved all his problem at this point, but White s counterattack on the
kingside is more dangerous than it looks at first glance.} 22. Qh2 $1 a5 23.
Rgd1 b4 24. Na4 Qb5 $2 {Better was probably} (24... Qc6 25. b3 bxa3 26. Rxd6
Rxd6 27. Rxd6 Qc7 28. Rd2 {and Black should be able to draw in the endgame.})
25. b3 d5 (25... bxa3 26. Rxd6 Rxd6 27. Qxd6 {and White is clearly better.})
26. axb4 axb4 27. h5 {The knight on a4 may look vulnerable, but Black does not
have time to go after it, since he must react to the threat of h6 and Qe5.} Qe8
28. h6 Qf8 29. Qe5 Re8 30. Nb6 Rcd8 (30... dxe4 31. Rd6 $18) 31. exd5 Bxd5 {
[#]White can probably choose whether he wins by technical means by trading off
pieces and going for a rook-ending with pawn up, or by tactical means as in
the game. At this point both players were in severe zeitnot and the rest of
the game, until the time-control is reached, is a comedy of errors.} 32. f4
gxh6 33. gxh6 f6 34. Qc7 Qxh6 35. f5 $2 (35. Rg1+ Kh8 36. Rh3 {wins
immediately.}) 35... Rb8 36. Nd7 $2 (36. Rg1+ Kh8 37. Rh3 {wins again.}) 36...
Rb7 $2 {Better was} (36... Rbc8 37. Qg3+ Kh8 38. Nb6 Rc5 {and most of White s
advantage has gone down the drain.}) 37. Qg3+ Kh8 38. Nc5 Rg7 39. Qd6 Rge7 40.
fxe6 Bxe6 $2 {After the unexpected} (40... Be4 41. Rd4 Bf5 {Black can still
put up some fight, although White is much better. Now he loses a piece and the
game is finally over.}) 41. Re1 Ra7 42. Nxe6 (42. Rxe6 $4 Ra1+ 43. Kxa1 Qc1+
44. Ka2 Qxc2+ $10 45. Ka1 Qc1+) 42... Rea8 43. Qd8+ Rxd8 44. Rxd8+ 1-0

[Event "Erlangen op 5th"]
[Site "Erlangen"]
[Date "1990.05.??"]
[Round "?"]
[White "Kaminski, Uwe"]
[Black "Jansa, Vlastimil"]
[Result "1/2-1/2"]
[WhiteElo "2415"]
[BlackElo "2455"]
[Annotator "Kaminski,U"]
[PlyCount "102"]
[EventDate "1990.05.24"]
[EventType "swiss"]
[EventRounds "7"]
[EventCountry "GER"]
[SourceTitle "EXT 2015"]
[Source "ChessBase"]
[SourceDate "2014.11.20"]
[SourceVersion "1"]
[SourceVersionDate "2014.11.20"]
[SourceQuality "1"]

{SCHACH 8-9/1990 Seite 45} 1. e4 c5 2. Nf3 e6 3. d4 cxd4 4. Nxd4 Nc6 5. Nc3 a6
6. g3 d6 7. Bg2 Qc7 8. O-O Nf6 9. Re1 Rb8 10. Nxc6 $2 bxc6 11. Na4 ({Üblicher
ist} 11. e5 dxe5 12. Rxe5 Bd6 (12... Qxe5 13. Bf4) 13. Re1 {mit leichtem
Vorteil für Weiß.}) 11... Nd7 12. c4 c5 {Sonst spielt Weiß 13. c5.} 13. b3 Be7
14. Bb2 O-O 15. f4 Rd8 16. Qd2 $1 {Die Idee 17. Lc3 nebst La5 ist für Schwarz
unangenehm, so dass er sich zum Abtausch der schwarzfeldrigen Läufer
entschließt. Die Stellung ist dann verhältnismäßig fest, jedoch mit geringen
Chancen auf Gegenspiel.} Bf6 17. Bc3 Bxc3 18. Nxc3 Bb7 19. Rad1 Nf6 20. Re3 Rd7
21. Rd3 Rbd8 22. Qe2 {/\ g4-g5, Dh5 und Th3} Bc6 23. g4 g6 24. Bf3 a5 25. g5
Ne8 26. Qf2 (26. a4 $1 {nebst Sb5 hätte Schwarz des Gegenspiels beraubt.})
26... Rb8 27. f5 a4 28. fxe6 fxe6 29. Bg4 Ng7 30. bxa4 Rf8 31. Qg3 Rfd8 32. Nb5
{Danach sollte Weiß gewinnen.} Qb8 33. Qe3 $1 (33. Rxd6 $2 Bxb5 $1) 33... Qa8
34. Nxd6 Bxa4 35. R1d2 Bc2 $1 {Raffiniert nutzt Schwarz trotz Zeitnot seine
Schwindelchancen.} 36. Rxc2 Rxd6 37. Rxd6 Rxd6 38. Qxc5 {Zwei Mehrbauern
sollten reichen...} Qd8 39. Rf2 (39. Qe3 {mit Vormarsch des c-Bauern hätte den
Sieg gesichert.}) 39... Rd2 40. Rxd2 $2 {Vergibt den Gewinn} ({der mit} 40. h4
{zu erreichen war.}) 40... Qxd2 {Weiß hat zwei Bauern mehr, kann aber nicht
gewinnen, denn Schwarz gewinnt mindestens einen sofort zurück.} 41. Qe5 Qc1+
42. Kf2 Qxc4 43. a4 Qc2+ 44. Kg3 Qb3+ 45. Kh4 Qxa4 46. Bxe6+ Nxe6 47. Qxe6+ Kg7
48. Qe5+ Kg8 49. Qd5+ Kg7 50. Kg4 Qc2 51. Qe5+ Kg8 1/2-1/2

[Event "Grenke Chess Classic 6th"]
[Site "Karlsruhe/Baden Baden"]
[Date "2019.04.26"]
[Round "6"]
[White "Aronian, Levon"]
[Black "Keymer, Vincent"]
[Result "1/2-1/2"]
[WhiteElo "2763"]
[BlackElo "2516"]
[Annotator "Keymer,V"]
[PlyCount "104"]
[EventDate "2019.04.20"]
[EventType "tourn"]
[EventRounds "9"]
[EventCountry "GER"]
[EventCategory "19"]
[SourceTitle "CBM 190"]
[Source "ChessBase"]
[SourceDate "2019.06.30"]
[SourceVersion "1"]
[SourceVersionDate "2019.06.30"]
[SourceQuality "1"]

{[%evp 0,104,25,25,57,53,73,73,70,25,27,30,30,29,52,52,54,48,40,36,35,31,35,
-17,-24,-22,-22,-32,-9,-39,-39,-35,-19,-21,-17,-10,0,0,1,0,0,-21,0,0,0,-41,-4,
-4,0,0,0,-7,6,6,0,0,4,3,0,6,1,-25,-27,-34,-31,-30,-24,-34,-27,-31,-46,-48,-38,
-69,-72,-77,-77,-59,-69,-64,-86,-66,-66,-31,-38,-43,0,0,0,48,50,39,44,44,21,
-18,21,21,0,0,25,21,44,74,72,17,72]} 1. e4 c5 2. Nc3 a6 3. Nge2 d6 4. g3 Nf6 5.
Bg2 Nc6 6. O-O e6 7. d4 cxd4 8. Nxd4 Bd7 9. Re1 Be7 10. Nxc6 Bxc6 11. e5 {
Somewhat unexpected. Normally, whenever he takes on c6 White follows up with
a4, Be3 and a5 Etwas unerwartet. Normalerweise spielt Weiß, wenn er auf c6
nimmt, mit a4, Le3 und a5} dxe5 12. Bxc6+ bxc6 13. Rxe5 {In the long term
White may have an advatageous pawn structure, but Black has the outpost on d5
and also a few tempi of an advance. Weiß hat zwar langfristig eine
vorteilhafte Bauernstruktur, aber Schwarz hat den Vorposten d5 und auch ein
paar Tempi Vorsprung.} O-O (13... Nd5 {Is an interesting alternative. Ist eine
interessante Alternative.} 14. Na4 $1 {Otherwise Black is fighting for an
advantage! Ansonsten kämpft Schwarz um Vorteil!} O-O 15. Re4 $1 {prepares c4
and sidesteps the tempo gaining Bf6 bereitet c4 vor und geht aus dem Lf6-Tempo}
(15. c4 Nb4 16. Be3 Qxd1+ 17. Rxd1 Rfd8 18. Rxd8+ Rxd8 19. Ra5 (19. a3 Nc2 20.
Ra5 Rd1+ 21. Kg2 Nxe3+ 22. fxe3 Rd2+ 23. Kf1 Rxh2 24. Rxa6 h5 25. Rxc6 g5 {
is unclear, but according to the engine a draw ist unklar aber laut Engine
Remis}) 19... Rd1+ 20. Kg2 Bd8 21. Nb6 f5 $13) 15... Qc7 (15... Nf6 16. Rd4 (
16. Qxd8 Rfxd8 17. Re1 {is not a serious attempt ist kein ernsthafter Versuch})
16... Qc7 (16... Qa5 17. Qe2 Rfd8 18. Rc4 c5 19. Be3 {Here White is completely
safe and can slowly exert pressure against the weak pawns. Hier ist Weiß
komplett sicher und kann langsam auf die schwachen Bauern drücken.}) 17. Rc4
Rfd8 18. Qf3 Rac8 19. b3 Nd5) 16. b3 Bf6 17. Rb1) (13... Qxd1+ 14. Nxd1 O-O 15.
Ra5 (15. Ne3 Nd5 16. Re4 Rfd8 {must be ok muss ok sein}) 15... Rfd8 (15... Nd5
16. Bd2 Rfd8) 16. Ne3 (16. Be3 Nd5) 16... Bb4 17. Ra4 Rd4 (17... Be7) 18. Kf1 (
18. Bd2 Rxd2 19. Rxb4 Nd5 $11) 18... Ne4 19. a3 Bc5 20. Rxd4 Bxd4 $11) 14. Qxd8
Rfxd8 15. Re2 {Here Black has many different possibilities, which was also the
reason for my long pause for thought. Hier hat Schwarz viele verschiedene
Möglichkeiten, was auch der Grund für mein langes Überlegen war.} c5 $5 {
I wanted to get my pawn to c4, firstly in order to prevent c4 by White and
also after b3 to always have available to me the possibility of an exchange.
Ich wollte meinen Bauern nach c4 bringen, um erstens c4 von Weiß zu
verhindern und auch nach b3 immer die Möglichkeit des Abtauschs zur
Verfügung zu haben.} (15... Nd5 16. Na4 {and White manages to stabilise his
position which I did not want to allow. und Weiß kommt dazu, sich zu
stabilisieren, was ich nicht zulassen wollte.}) (15... Bb4 16. Na4 Rd1+ 17. Kg2
Rad8 (17... Nd5 18. c4 {During the game I did not really fancy this. Hat mir
während der Partie auch nicht wirklich gefallen.}) 18. b3 {here too White
gets some play. auch hier bekommt Weiß sein Spiel}) 16. Na4 $1 {The only move
to prevent the idea of c4. Der einzige Zug, der die c4-Idee verhindert.} Rd1+
17. Kg2 Rad8 18. b3 (18. c4 $5 {prevents Nd5 and in any case secures a safe
position for White. verhindert Sd5 und sichert Weiß in jedem Fall eine
sichere Stellung} Nd7 19. b3 Nb8 (19... Bf6 20. Nb2) 20. Bb2 Rxa1 21. Bxa1 Rd1
22. Bb2 Kf8 23. f4 {is more pleasant for White, but should be relatively easy
to hold. ist angenehmer für Weiß, sollte aber relativ leicht zu halten sein.}
) 18... Nd5 19. c3 (19. Nb2 Nc3 20. Re3 Bf6 21. Nxd1 Nxd1 22. Rb1 Nc3 23. Rxc3
Bxc3 24. Be3 Rd5 {does not appear to be dangerous scheint nicht gefährlich zu
sein} 25. Kf1 Kf8 26. Ke2 Ke7 27. Rd1 Rxd1 28. Kxd1 Kd6 29. Ke2 Kd5 30. Kd3 Be5
31. f4 Bf6 $11) (19. c4 Bf6 20. Bb2 Rxa1 21. Bxa1 Bxa1 22. cxd5 Rxd5 23. Rc2 g5
24. Nxc5 a5 {is not a real problem either. ist auch kein wirkliches Problem}) (
19. Bb2 $5 Nb4 20. Rxd1 (20. a3 Rxa1 21. Bxa1 Nc6 {With the knight on c6 and
the weak point on a3, Black should have no problems. Mit dem Springer auf c6
und der Schwäche a3 sollte Schwarz keine Probleme haben.}) 20... Rxd1 21. a3
Nc6 22. Re3 {[%cal Ge3c3] may be an original idea, but unfortunately it does
not achieve anything. ist zwar eine originelle Idee, bringt aber leider nichts
ein} g5 23. Rc3 Rb1 {paralyses the white pieces legt die weißen Figuren lahm}
(23... f5 24. Nxc5 Bf6 25. Rd3 Rxd3 26. Nxd3 Bxb2 27. Nxb2 Nd4) 24. b4 g4 (
24... cxb4 25. Rxc6) 25. Rc4 h5 26. h3 (26. Nxc5 Rxb2 27. Nd3 Ra2 28. Rxc6 Rxa3
$11) 26... gxh3+ 27. Kxh3 cxb4 28. Rxc6 bxa3 29. Bxa3 Bxa3 30. Rxa6 Be7 $11)
19... Rc8 $1 {From a practical point of view, an important move. aus
praktischer Sicht ein wichtiger Zug} (19... Rd3 20. c4) 20. Re4 (20. c4 Bf6 21.
Bb2 Rxa1 22. Bxa1 Nf4+ (22... Bxa1 $2 23. cxd5 exd5 24. Nxc5 {is good for
White ist gut für Weiß}) 23. gxf4 Bxa1 24. f5 Rc6 (24... exf5 $2 25. Nxc5 $18
) 25. Rd2 Bd4 26. b4 Kf8 27. b5 Rc7 $1 28. b6 Rc8 {and Black is ok und Schwarz
ist ok}) (20. Nb2 {leads by force to a draw führt forciert zum Remis} Nxc3 21.
Rc2 Bf6 22. Nxd1 Nxd1 23. Rb1 Nc3 $11) 20... Nf6 21. Re2 {White has nothing
better Weiß hat nichts Besseres} Nd5 22. Rd2 Rxd2 23. Bxd2 c4 {Now Black has
implemented his idea and by doing so also solved all his problems.  Jetzt hat
Schwarz seine Idee durchgesetzt und somit auch alle Probleme gelöst.} 24. Nb2
Bf6 (24... cxb3 $6 25. axb3 Bf6 26. Nd1 {Here White can still hope for an
advantage. Hier kann Weiß noch auf Vorteil hoffen.}) 25. Nxc4 Bxc3 26. Rd1
Bxd2 27. Rxd2 g5 {From a practical point of view the last important move.
White can no longer play f4 and thus no longer has a possibility of making any
progress. . praktisch gesehen der letzte wichtige Zug. Weiß kann nun kein f4
mehr spielen und hat somit keine Möglichkeit mehr Fortschritte zu machen.} 28.
Kf3 Kg7 29. Ne3 {I suppose there was no longer any attempt to play for a win,
but he was simply trying to steer the game to a draw as soon as possible. Ich
vermute, dass das schon kein Gewinnversuch mehr war, sondern der Versuch, die
Partie so schnell wie möglich ins Remis zu führen.} Rc3 (29... Nxe3 30. Kxe3
Kf6 {is of course also an easy draw but I considered Rc3 to be the neater
solution. ist natürlich auch locker Remis aber ich hielt Tc3 für die
sauberere Lösung.}) 30. Rc2 $6 {This move suddenly gives Black good chances
of an advantage. Dieser Zug gibt Schwarz auf einmal gute Chancen auf Vorteil.}
f5 31. Rxc3 (31. Ke2 $2 f4 $19) 31... Nxc3 32. a4 (32. a3 g4+ 33. Kg2 Kf6 34.
Nc4 {should easily be drawn sollte leicht Remis sein}) 32... g4+ 33. Kg2 Kf6
34. Nc2 {imprecise ungenau} (34. f3 $5 gxf3+ 35. Kxf3 e5 (35... Ke5 36. g4 $1
fxg4+ 37. Nxg4+ Kd4 38. Nf6 e5 39. Nxh7 e4+ 40. Kf2 e3+ 41. Ke1 {is a dead
draw according to the engine ist laut Engine totremis}) 36. g4 e4+ 37. Kg3 fxg4
38. Kxg4 Ke5 39. Nc2 $11) 34... Ne4 $1 {Important! The knight is threatening
to get to c5 and at the same time f3 is also prevented.  Wichtig! Der Springer
droht nach c5 zu gelangen und gleichzeitig wird auch f3 verhindert} 35. b4 Nc3
36. b5 $5 (36. a5 Ke5 37. f3 h5 (37... Kd5 38. fxg4 fxg4 39. Ne3+ Kd4 40. Nxg4
Nd5 41. Kf3 Kc4 42. Ne3+ Kxb4 43. h4 Ne7 44. Ke4 Kxa5 45. Ke5 $11) 38. h3 gxf3+
39. Kxf3 {should be a draw sollte Remis sein}) 36... axb5 37. a5 {The active
defence die aktive Verteidigung} Nd5 38. a6 Nc7 39. a7 Ke5 40. Kf1 Kd5 41. Nb4+
$1 {The only move  einziger Zug} (41. Ke2 $2 Kc5 42. Kd3 Kb6 $19) 41... Kc4 42.
Nc6 {Once again the only move. Here Black has a lot of options, but
unfortunately none of them lead to an advantage let alone a win. wieder
einziger Zug. Hier hat Schwarz viele Möglichkeiten, die aber leider alle
keinen Vorteil oder gar einen Gewinn bringen.} Kd3 {I wanted to bring my king
to e4 and then try to make progress with e5. Ich wollte meinen König nach e4
bringen und dann mit e5, f4 probieren Fortschritte zu machen.} (42... b4 43.
Ke2 b3 44. Kd2 Kc5 45. Nd8 Kd6 46. Nf7+ Ke7 47. Ne5 Kd6 48. Nf7+ Kd5 49. Kc1
$11) (42... Kc5 43. Nd8 Kd6 44. Ke2 Kd7 45. Nf7 Kc6 46. Nd8+ Kd7 (46... Kb6 $2
47. Nxe6 Na8 48. Nd4 {with advantage to White mit weißem Vorteil}) 47. Nf7 $11
) 43. Ke1 Na8 {The knight on c7 can often be driven away with tempo, so in
many variations it is often better placed on a8.  Der Springer auf c7 kann oft
mit Tempo vertrieben werden, weshalb er auf a8 in manchen Varianten besser
steht.} 44. Nd8 (44. Kd1 Ke4 45. Ke2 e5 {was my plan, but there is no chance
of achieving an adantage here either. war mein Plan, aber auch hier gibt es
keine Möglichkeit Vorteil zu erlangen.} 46. Nb4 h5 47. Nc6 f4 48. gxf4 exf4
49. f3+ gxf3+ 50. Kf2 $11) 44... e5 45. Nc6 Ke4 46. Kd2 {The king is now
threatening to get to b4. This means that Black could no longer play for a win
without taking risks; on the contrary each attempt at winning can now only
backfire. Der König droht nun nach b4 vorzudringen. Dadurch kann Schwarz nun
nicht mehr risikolos auf Gewinn spielen, im Gegenteil, jeder Gewinnversuch
kann nur nach hinten losgehen.} Kd5 (46... f4 47. Kc3 f3 48. Kb4 h5 49. Kxb5
Kd3 50. Nxe5+ Ke2 51. Ka6 Kxf2 52. Kb7 Ke3 53. Kxa8 f2 54. Nc4+ Ke2 55. Kb8
f1=Q 56. a8=Q Qf8+ 57. Ka7 Qf7+ 58. Kb6 Qxc4 $11) 47. Nb4+ Kc4 48. Nc6 Kd5 49.
Nb4+ Ke4 50. Nc6 f4 (50... Kf3 {achieves nothing bringt nichts} 51. Nxe5+ Kxf2
52. Kc3 Kg2 53. Kb4 Kxh2 54. Kxb5 {even looks dangerous for Black sieht sogar
gefährlich für Schwarz aus} Kxg3 55. Kc6 f4 56. Kb7 f3 57. Nd3 f2 58. Nxf2
Kxf2 59. Kxa8 g3 60. Kb8 g2 61. a8=Q g1=Q 62. Qa7+ $11) 51. Kc3 Kd5 (51... Kf3
$4 52. Nxe5+ Kxf2 53. gxf4 $18) 52. Nb4+ Ke4 {Here I decided to offer a draw
since I saw no possibility of making any progress without taking the risk of
losing. Ich entschied mich hier Remis anzubieten, da ich keine Möglichkeit
sah, Fortschritte zu machen ohne das Risiko eines Verlustes einzugehen.}
1/2-1/2

[Event "EU-ch 4th"]
[Site "Istanbul"]
[Date "2003.06.08"]
[Round "9"]
[White "Bartel, Mateusz"]
[Black "Spasov, Vasil"]
[Result "1-0"]
[WhiteElo "2443"]
[BlackElo "2555"]
[Annotator "Konikowski,J"]
[PlyCount "72"]
[EventDate "2003.05.30"]
[EventType "swiss"]
[EventRounds "13"]
[EventCountry "TUR"]
[SourceTitle "CBM 096"]
[Source "ChessBase"]
[SourceDate "2003.09.25"]
[SourceVersion "1"]
[SourceVersionDate "2003.09.25"]
[SourceQuality "1"]

1. e4 {Hecht} c5 2. Nf3 Nc6 3. Nc3 e6 4. d4 cxd4 5. Nxd4 Qc7 6. g3 a6 7. Bg2
Nf6 8. O-O d6 9. a4 Be7 10. Nb3 b6 11. f4 O-O 12. Be3 Bb7 13. Qe2 Rfe8 14. g4
Nd7 15. g5 Bf8 (15... Nb4 16. Rad1 $11) 16. Rad1 Nc5 (16... Rac8 17. Rf3 Nb4
18. Rh3 g6 $13) 17. Qf2 g6 (17... Nb4 $5) 18. Rd2 (18. e5 $5 Red8 (18... dxe5
19. Nxc5 bxc5 20. Ne4 Red8 21. Bxc5 Bxc5 22. Qxc5 exf4 23. b4 $16) 19. Ne4 dxe5
20. Nbxc5 bxc5 21. Bxc5 Nd4 22. Bxf8 (22. Nf6+ Kh8 23. Bxf8 Bxg2 24. Qxg2 Rxf8
25. fxe5 $16) 22... Kxf8 23. fxe5 Nf5 24. Nd6 $16) 18... Bg7 19. Rfd1 Rad8 20.
Nd4 Nxd4 21. Bxd4 Bxd4 22. Rxd4 e5 23. R4d2 exf4 24. Qxf4 {[%cal Rd1d6,Rd2d6,
Rf4d6,Gc7d6,Gd8d6]} Re5 25. h4 Rde8 $2 {[%cal Rb7e4,Rc5e4,Re5e4,Re8e4,Gc3e4,
Gf4e4,Gg2e4]} (25... Rd7 $5) 26. Rxd6 Nxe4 27. Rd7 (27. Bxe4 $142 $1 Qc5+ 28.
Qf2 Bxe4 29. Qxc5 bxc5 30. Rxa6 Bxc2 31. Rd7 $16) 27... Qc5+ 28. R1d4 Bd5 (
28... Rf5 $5) 29. Nxd5 Qxd4+ 30. Kh2 Qxd5 31. Rxd5 Rxd5 {Hecht: '[#] Die
Stellung ist ungefähr ausgeglichen. Entscheid durch Blackout!'} 32. h5 Rf5 33.
Qe3 Rxg5 34. h6 {'!' Hecht.} Rge5 (34... Rc5 35. Bxe4 Rc4 36. Qxb6 Rcxe4 37.
Qxa6 Re2+ 38. Kg1 Rxc2 39. Kf1 Rxb2 40. Qf6 Rb1+ 41. Kf2 Kf8 42. Qh8+ Ke7 43.
Qe5+ (43. Qxh7 Rb2+ 44. Ke3 Kd6+ 45. Kd3 Rb3+ 46. Kc2 Rh3 47. Qxf7 Rh2+ $11)
43... Kf8 $11) 35. Qxb6 R5e6 (35... R8e6 36. Qd8+ Re8 37. Qd4 Rh5+ 38. Kg1 Rxh6
39. Qc4 $14) 36. Qd4 Rd6 $4 {[%mdl 8192] Hecht: 'ohne Dg7# abzuwarten.'} (36...
Nf6 $142 {'=' Hecht.}) (36... Rd6 $4 37. Qg7#) 1-0